Nageurs Français par Images - Statistiques

Statistiques générales
  • Ce quiz a été pris 80 fois
    32 depuis la dernière actualisation
  • Le résultat moyen est 9 sur 20
Statistiques - réponses
Par images Réponse % Correct
Florent Manaudou
100%
Laure Manaudou
100%
Léon Marchand
100%
Camille Lacourt
65%
Maxime Grousset
65%
Yohann Ndoye-Brouard
61%
Alain Bernard
52%
Charlotte Bonnet
48%
Théo Curin
48%
Yannick Agnel
39%
Camille Muffat
35%
Frédérick Bousquet
22%
Jérémy Stravius
22%
Alex Portal
17%
Anastasia Kirpichnikova
17%
Hector Denayer
17%
Ugo Didier
17%
Emeline Pierre
13%
Jean Boiteux
9%
Logan Fontaine
9%
Aucun quiz correspondant
Distribution des résultats
% des personnes avec chaque résultat
Percentile par nombre de réponses
Votre historique - résultats
Vous n’avez pas pris ce quiz depuis la dernière actualisation